Tesco otvára distribučné sklady

Jedno z najmodernejších distribučných centier v strednej Európe buduje spoločnosť Tesco Stores SR pri obci Beckov. Dodávatelia už nebudú musieť cestovať po celom Slovensku. Povedie to k zvýšeniu sortimentu, optimalizovaniu zásob a ich toku, čo v konečnom dôsledku bude znamenať zníženie cien tovarov....

Ausführliche Beschreibung

Gespeichert in:
Bibliographische Detailangaben
1. Verfasser: Brezovský, Jozef
Format: Buchkapitel
Sprache:Slowakisch
Schlagworte:
Tags: Tag hinzufügen
Keine Tags, Fügen Sie das erste Tag hinzu!

MARC

LEADER 00000naa$a2200000$$$4500
001 0029123
005 20231107125731.0
041 0 |a slo 
044 |a SK 
245 1 0 |a Tesco otvára distribučné sklady  |c Jozef Brezovský 
520 |a Jedno z najmodernejších distribučných centier v strednej Európe buduje spoločnosť Tesco Stores SR pri obci Beckov. Dodávatelia už nebudú musieť cestovať po celom Slovensku. Povedie to k zvýšeniu sortimentu, optimalizovaniu zásob a ich toku, čo v konečnom dôsledku bude znamenať zníženie cien tovarov. Ide o vlastný distribučný sklad spoločnosti Tesco. 
610 2 0 |a logistika distribučná 
610 2 0 |a stratégia distribučná 
610 2 0 |a sklady centrálne 
610 2 0 |a Slovensko 
610 2 0 |a Tesco 
100 1 |a Brezovský, Jozef